| 000 | 00585nam a2200193Ia 4500 | ||
|---|---|---|---|
| 005 | 20250508163355.0 | ||
| 008 | 008 250505s9999 xx 000 0 eng d | ||
| 037 | _aTextual | ||
| 040 |
_aFEDL _beng _cFEDL |
||
| 041 |
_aeng _2eng |
||
| 084 |
_a371.97, NCE _qFEDL |
||
| 100 |
_aNautiyal K C _949763 |
||
| 245 | 0 | _aEqualisation of educational opportunities for scheduled castes and scheduled tribes | |
| 245 | 0 | _cNational Councilo Of Education Research and Training | |
| 260 | _c1979 | ||
| 300 | _a68p. | ||
| 942 |
_cTEXL _h371.97, NCE |
||
| 999 |
_c1382645 _d1382645 |
||